000 00621nam1a22002291 4500
001 RU\NLR\INFOCOMM4\ROSSICA\1000404527
005 20240725034422.0
035 _a(NLR Aleph) 009937225
090 _a10748456
_c10748456
100 _a20030415g18491958|||y0rusy50 ba
101 0 _afre
102 _aRU
105 _ay ||||000ay
200 1 _aHistoire de la Georgie depuis l'antiquité jusqu au XIX-s
_fM.Brosset
210 _aSt.P.
_d1849-1958
700 1 _aBrosset
_bM.
_4070
801 1 _aRU
_bInfoComm
_c20030415
801 0 _aRU
_bNLR
_gPSBO
852 _aNLR
_j21.3.2.27
942 _cBOOK
980 _aRossica